Oral and Maxillofacial Pathology / (Record no. 33908)
[ view plain ]
| 000 -LEADER | |
|---|---|
| fixed length control field | 00573nam a22001937a 4500 |
| 005 - DATE AND TIME OF LATEST TRANSACTION | |
| control field | 20240320101806.0 |
| 008 - FIXED-LENGTH DATA ELEMENTS--GENERAL INFORMATION | |
| fixed length control field | 231016b |||||||| |||| 00| 0 eng d |
| 020 ## - INTERNATIONAL STANDARD BOOK NUMBER | |
| ISBN | 9781455770526 |
| 082 ## - DEWEY DECIMAL CLASSIFICATION NUMBER | |
| Classification number | 617.522 |
| Item number | NEV-O |
| 100 ## - MAIN ENTRY--AUTHOR | |
| Author Name | Neville, Brad. W |
| 245 ## - TITLE STATEMENT | |
| Title | Oral and Maxillofacial Pathology / |
| Statement of responsibility, etc. | Carl M. Allen, Douglas D.Damm, Angela C.Chi. |
| 250 ## - EDITION STATEMENT | |
| Edition statement | 4th ed. |
| 260 ## - PUBLICATION, DISTRIBUTION, ETC. | |
| Place of Publication | Canada: |
| Name of publisher, distributor, etc. | Elsevier, |
| Date of publication, distribution, etc. | 2016. |
| 300 ## - PHYSICAL DESCRIPTION | |
| Pages | vii, 871 p. : |
| 500 ## - GENERAL NOTE | |
| General note | Printed in Pakistan,Include Index. |
| 650 ## - SUBJECT ADDED ENTRY--TOPICAL TERM | |
| Subject / Department | Dentistry/Medical |
| 700 ## - ADDED ENTRY--PERSONAL NAME | |
| Personal name | Carl M. Allen, |
| 300 ## - PHYSICAL DESCRIPTION | |
| -- | ill, |
| -- | 25 cm. |
| 952 ## - LOCATION AND ITEM INFORMATION (KOHA) | |
| -- | 0 |
| -- | 0 |
| 952 ## - LOCATION AND ITEM INFORMATION (KOHA) | |
| -- | 0 |
| -- | 0 |
| 952 ## - LOCATION AND ITEM INFORMATION (KOHA) | |
| -- | 0 |
| -- | 0 |
| Lost status | Damaged status | Collection code | Permanent Location | Current Location | Shelving Location | Date acquired | Full Call Number | Accession No./Barcode | Date last seen | Copy number | item type |
|---|---|---|---|---|---|---|---|---|---|---|---|
| Medical | Superior Information Resource Center (SIRC) Superior University- Central Library | Superior Information Resource Center (SIRC) Superior University- Central Library | Dentistry | 10/16/2023 | 617.522 NEV-O 2016 | 20834 | 01/23/2024 | 1 | BOOK | ||
| Medical | Superior Information Resource Center (SIRC) Superior University- Central Library | Superior Information Resource Center (SIRC) Superior University- Central Library | Dentistry | 10/16/2023 | 617.522 NEV-O 2016 | 20835 | 10/16/2023 | 2 | |||
| Medical | Superior Information Resource Center (SIRC) Superior University- Central Library | Superior Information Resource Center (SIRC) Superior University- Central Library | Dentistry | 10/16/2023 | 617.522 NEV-O 2016 | 20836 | 10/16/2023 | 3 |
